| 000 | 00872nam a22002535a 4500 | ||
|---|---|---|---|
| 001 | 14557327 | ||
| 005 | 20060919084520.0 | ||
| 008 | 060919s2006 ohu 000 0 eng | ||
| 010 | _a 2006934928 | ||
| 020 | _a0495244392 | ||
| 040 |
_aDLC _cDLC |
||
| 082 |
_222 _a629.04 _bHOE |
||
| 100 | 1 |
_aHoel, Lester. _94098 |
|
| 245 | 1 | 0 |
_aTransportation infrastructure engineering : _ba multimodal integration / _cLester Hoel, Nicolas Garber, Adel Sadek. |
| 250 | _aInternational student ed. | ||
| 260 |
_aMason, OH : _bThomson, _c2006. |
||
| 263 | _a0611 | ||
| 300 |
_a674p.: _bill.; _c23 cm. |
||
| 500 | _aIncludes index | ||
| 650 |
_94097 _aTransportation engineering |
||
| 942 |
_2ddc _cBB |
||
| 999 |
_c11392 _d11392 |
||